00755cam a2200229 a 450000100100000000500170001000800410002702000150006803500190008304000230010208200180012510000340014324500410017726000370021830000210025565000280027665000420030491000340034604900090038095201210038999900150051000000937020200929161553.0920316s1988 sp 000 f spa  a8432246077 a(DLC) 92132281 aDO-SdBNPcDLCdDLC a863.64bN322d1 aNavarro, Justo,d1953-92197813aEl doble del doble /cJusto Navarro. aBarcelona :bSeix Barral,c1988. a141 p. ;c20 cm. 4aNovela española91123 4aLiteratura españolaySIGLO XX93326 aCatalogación por copia / LC aBNGR 001052708MOaGRbGRcCTd2009-09-29iLF1l0o863.64 N322dp9370-10r2020-06-25w2020-06-25y2ZPréstamo interno c9130d9130